Dve pamiatky technického charakteru v zbierkach Baníckeho múzea v Rožňave

Podrobná bibliografia
Hlavní autori: Tomány, Karol (Autor), Horváth, Pavol, 1954-2012 (Autor)
Médium: Článok
Jazyk:slovenčina
Predmet:

MARC

LEADER 00000nab a2200000Ia 4500
001 vtls010768527
003 SK-MaSNL
005 20260304203314.0
008 250718|2012 xo |||||||||||||||||slo|
035 |a (urnnbn)urn:nbn:sk:snk:ar-a02rr8 
035 |a (uuid)31983bec-7df8-4cde-b06f-2c47c82e91e0 
035 |a urn:nbn:sk:snk-ab4n0l 
040 |a SNKBUCL  |b slo  |c SNKBUCL  |e AACR2 
041 0 |a slo 
044 |a xo  |c SK 
080 |a (437.672.118.165)  |2 2001 
080 |a 069  |2 2001 
100 1 |a Tomány, Karol  |4 aut  |9 346735 
245 1 0 |a Dve pamiatky technického charakteru v zbierkach Baníckeho múzea v Rožňave  |c Karol Tomány, Pavol Horváth 
610 2 7 |a Banícke múzeum v Rožňave  |2 SNKKA  |9 234684 
650 0 7 |a múzeá  |2 SNKPH  |9 4119 
650 0 7 |a Parný cestný valec  |2 SNK  |9 1535857 
650 0 7 |a Parný nákladný automobil  |2 SNK  |9 1535858 
651 7 |a Rožňava (Slovensko)  |2 SNKPH  |9 17394 
700 1 |a Horváth, Pavol,  |d 1954-2012  |4 aut  |9 475442 
773 0 |t Múzeum : študijný a informačný materiál  |g Roč. 58, č. 1 (2012), s. 12-14 
850 |a Slovenská národná knižnica 
852 |a Slovenská národná knižnica 
954 |a odborná, vedecká literatúra pôvodná (slovenská)  |2 lita 
958 |a article3 
958 |a OND 
958 |a EUIPO 
999 |c 3108917  |d 3110847